000 00560nam a2200181Ia 4500
008 100917s9999 xx 000 0 und d
082 _b21303
100 _aतोरडमल मधुकर
245 _aतरूण तुर्क म्हतारे अर्क
260 _b---
_c1973
300 _a118
365 _b5
520 _aकथा
630 _aतरूण तुर्क म्हतारे अर्क
650 _aकथा
730 _aतरूण तुर्क म्हतारे अर्क
942 _cBOOK
999 _c626697
_d626694